| 000 | 00479nam a22001937a 4500 | ||
|---|---|---|---|
| 003 | MPLRDC | ||
| 005 | 20220104143456.0 | ||
| 008 | 210129b ||||| |||| 00| 0 eng d | ||
| 020 | _a962-07-6061-1 | ||
| 082 | _a494.3 LZJ-2 | ||
| 100 | _a龙振基 | ||
| 245 |
_a管理学基本功 _c彭永贤绘 |
||
| 250 | _a一版二刷 | ||
| 260 |
_a _b商务印书馆 _c1991 |
||
| 300 | _b平 | ||
| 490 | _a人事管理漫画通 | ||
| 650 | _a人事管理 | ||
| 942 |
_cBK _o494.3 LZJ-2 |
||
| 999 |
_c40281 _d40271 |
||